| 000 | 00774cam a2200217 4500 | ||
|---|---|---|---|
| 008 | 000000n2000 000 0 eng u | ||
| 020 | _a1902375424 | ||
| 035 | _a(Sirsi) u107709 | ||
| 050 | _a711.1 | ||
| 100 | _aBond, Alan | ||
| 245 | _aEnvironmental impact assessment in the UK : background, basics, context and procedure. | ||
| 260 |
_aOxford _bChandos Publishing (Oxford) Limited _c2000 |
||
| 300 | _axiii,195p. ; 28cm. | ||
| 350 | _a49.95 | ||
| 520 | _aExplains the new EIA procedure implemented as a result of the amendment of EU Directive 85/337/EEC by Directive 97/11/EEC. | ||
| 650 | _aENVIRONMENTAL IMPACT ASSESSMENTS | ||
| 650 | _aENVIRONMENTAL IMPACT ASSESSMENTS | ||
| 650 | _aEU DIRECTIVES | ||
| 690 | _aENVIRONMENT-AUDIT/ASSESSMENT | ||
| 942 | _n0 | ||
| 999 |
_c100715 _d100715 |
||